Bytový dom

Enregistré dans:
Détails bibliographiques
Auteur principal: Trávniček, Ján (Auteur)
Autres auteurs: Jakeš, Erik (Directeur de thèse)
Format: Manuscrit Livre
Langue:slovaque
Publié: 2017
Sujets:
Accès en ligne:http://is.stuba.sk/zp/portal_zp.pl?podrobnosti=108700
https://opac.crzp.sk/?fn=detailBiblioForm&sid=DF521320909666631578E6F290DD
Tags: Ajouter un tag
Pas de tags, Soyez le premier à ajouter un tag!

MARC

LEADER 00000ntm a22000003a 4500
001 stuzp63082
003 SK-STU
005 20230609140914.3
007 ta
008 150427s2015----xo-----f-mn---000-0-slo-d
040 |a STU  |b slo 
041 0 |a slo 
100 1 |a Trávniček, Ján  |u 010180  |4 aut  |U SvF Stavebná fakulta  |T SvF Katedra konštrukcií pozemných stavieb  |X 63284  |U V180  |Y 18  |7 63284 
242 0 1 |a Flat hause  |y eng 
245 1 0 |a Bytový dom 
260 |c 2017 
650 4 |a bytový dom  |2 slo 
650 4 |a železobetón  |2 slo 
650 4 |a detail  |2 slo 
650 4 |a reinforced concrete  |2 eng 
650 4 |a detail  |2 eng 
650 4 |a flat hause  |2 eng 
700 1 |a Jakeš, Erik  |u 010180  |k Z1  |4 ths  |U SvF Stavebná fakulta  |T SvF Katedra konštrukcií pozemných stavieb  |X 2701  |U V180  |Y 18  |7 A000002701 
856 4 |u http://is.stuba.sk/zp/portal_zp.pl?podrobnosti=108700 
856 4 |u https://opac.crzp.sk/?fn=detailBiblioForm&sid=DF521320909666631578E6F290DD